Climate extremes and their implications for impact and risk assessment.
Na minha lista:
| Outros Autores: | , , |
|---|---|
| Formato: | Desconhecido |
| Publicado em: |
Amsterdam, Netherlands:
Elsevier,
2020.
|
| Assuntos: | |
| Tags: |
Adicionar Tag
Sem tags, seja o primeiro a adicionar uma tag!
|
MARC
| LEADER | 00000 a2200000 4500 | ||
|---|---|---|---|
| 003 | CL-VaPUC | ||
| 005 | 20221013174752.0 | ||
| 008 | 221013t2020 ||||| |||| 00| 0 eng d | ||
| 999 | |c 438477 |d 438475 | ||
| 020 | |a 9780128148952 | ||
| 040 | |c Pontificia Universidad Católica de Valparaíso | ||
| 082 | 7 | |a 363.3492 SIL 2020 |2 22 | |
| 100 | |a Sillmann, Jana |9 875892 |e editor | ||
| 245 | |a Climate extremes and their implications for impact and risk assessment. | ||
| 260 | |a Amsterdam, Netherlands: |b Elsevier, |c 2020. | ||
| 300 | |a 361 páginas. | ||
| 583 | |k Cristina María Rojas Aguilar |c 20221013 | ||
| 650 | |a Desastres naturales |x Aspectos sociales |9 877601 | ||
| 650 | |a Cambio climático |9 428490 | ||
| 700 | |a Sippel, Sebastian |e editor |9 877602 | ||
| 700 | |a Russo, Simone |e editor |9 877603 | ||
| 942 | |2 ddc |c BK | ||
| 952 | |0 0 |1 0 |2 ddc |4 0 |6 363_349200000000000_SIL_2020 |7 0 |8 A |9 587211 |a BIBING |b BIBING |c GEN |d 2022-10-13 |e 74 |g 133780.00 |i 5655129 |o 363.3492 SIL 2020 |p 5655129 |r 2025-01-20 |t 2 |v 133780.00 |w 2022-10-13 |y BK |k GEO | ||
| 952 | |0 0 |1 0 |2 ddc |4 0 |6 363_349200000000000_SIL_2020 |7 0 |8 A |9 587212 |a BIBING |b BIBING |c GEN |d 2022-10-13 |e 74 |g 133780.00 |i 5655130 |o 363.3492 SIL 2020 |p 5655130 |r 2025-01-20 |t 3 |v 133780.00 |w 2022-10-13 |y BK |k GEO | ||
| 952 | |0 0 |1 0 |2 ddc |4 0 |6 363_349200000000000_SIL_2020 |7 0 |8 A |9 587213 |a BIBING |b BIBING |c GEN |d 2022-10-13 |e 74 |g 133780.00 |i 5655128 |o 363.3492 SIL 2020 |p 5655128 |r 2025-01-20 |t 1 |v 133780.00 |w 2022-10-13 |y BK |k GEO | ||